| 000 | 00829nam a2200265 a 4500 | ||
|---|---|---|---|
| 001 | BRL_1434 | ||
| 005 | 20190320211214.0 | ||
| 008 | 140114s1984----pe-a######---#000-0#spa-# | ||
| 041 | _aspa | ||
| 044 | _ape | ||
| 050 | 4 |
_aF3429.3.A7 _b.A43 1984 |
|
| 100 | 1 |
_aAmano, Yoshitaro _926893 |
|
| 245 | 1 | 0 |
_aDiseños precolombinos del Perú _cYoshitaro Amano. |
| 260 |
_aLima, Perú _bMuseo Amano _c1984 |
||
| 300 |
_a112 p. _bil. _c28 cm. |
||
| 500 | _aAu1664 | ||
| 500 | _aTextos en: Español, inglés y japones | ||
| 610 | 2 | 4 |
_aMuseo Amano _vCatálogos _926894 |
| 650 | 1 | 4 |
_aArte indígena _vCatálogos _zPerú _926895 |
| 650 | 1 | 4 |
_aDecoración y ornamentación _vCatálogos _zPerú _926896 |
| 650 | 1 | 4 |
_aIndígenas de América del Sur _vCatálogos _zPerú _926897 |
| 710 | 2 |
_aMuseo Amano _926898 |
|
| 902 | _aGRL | ||
| 942 |
_2lcc _cB |
||
| 999 |
_c10244 _d10244 |
||